Warsaw Pact Countries on a Map (1955) - Statistics

General Stats
  • This quiz has been taken 69 times
  • The average score is 8 of 8
Answers on the Map
Answers color-coded by a green-red scale on the quiz's map according to % correct below.
 
Answer Stats
Country % Correct
Soviet Union
100%
Poland
98%
Romania
96%
Bulgaria
95%
Hungary
95%
Albania
93%
Czechoslovakia
93%
East Germany
93%
No matching quizzes found
Score Distribution
Percent of People with Each Score
Percentile by Number Answered
Your Score History
You have not taken this quiz